000 00748cab a2200229 4500
001 WB3402-10
008 090401t1998 xxu||||| |||| 00| 0 eng d
035 _a(Sirsi) u83131
041 _aeng
245 _aCriticism for Scottish Parliament
260 _c1998
350 _a0
490 _aScotsman
_v15 January 1998, 4(2)
520 _aA new railway station to serve the new Scottish Parliament is to be considered by local authorities and train companies. Meanwhile the decision to site the Parliament at Holyrood is attracting criticism.
650 _aEDINBURGH
650 _aRAILWAY STATION
650 _aSCOTLAND
650 _aSCOTTISH PARLIAMENT
690 _aPROPERTY-PROPERTY DEVELOPMENT
942 _n0
948 _c15/01/1998
999 _c52509
_d52509